=LDR 00000nam 2200000 4500 =001 INLIS000000000025565 =005 20200928070117 =035 ##$$a 0010-061300000025565 =008 200928################g##########0#ind## =041 ##$$a Ind =082 ##$$a 306.850 959 82 =090 ##$$a 306.850 959 82, Gee k =100 ##$$a Geertz, Hildred =245 1#$$a Keluarga Jawa /$c Hildred Geertz =260 ##$$a Jakarta :$b Grafiti Press,$c 1982 =300 ##$$a xii, 188 hlm. ; $c 14x20 cm. =650 #4$$a Kebudayaan - Keluarga =850 ##$$a NBPNMAT =084 ##$$a 306.850 959 82 GEE k =504 ##$$a Bibliografi : hlm. 183 - 186 =990 ##$$a 380 pro.83 =990 ##$$a 382 pro.83